Fr. Conceicao Rodrigues College of Engineering

Murach's Oracle SQL and PL/SQL and PL/SQL:Training and reference (Record no. 35210)

MARC details
000 -LEADER
fixed length control field 00383nam a2200169Ia 4500
082 ## - DEWEY DECIMAL CLASSIFICATION NUMBER
Classification number 5.133
Item number MUR
100 ## - MAIN ENTRY--PERSONAL NAME
Personal name Murach/Joel
245 ## - TITLE STATEMENT
Title Murach's Oracle SQL and PL/SQL and PL/SQL:Training and reference
260 ## - PUBLICATION, DISTRIBUTION, ETC.
Name of publisher, distributor, etc. Shroff Publishers
Date of publication, distribution, etc. 2008
366 ## - TRADE AVAILABILITY INFORMATION
Publishers's discount category 20
300 ## - PHYSICAL DESCRIPTION
Extent 627
546 ## - LANGUAGE NOTE
Language note ENGLISH
-- Computers
650 ## - SUBJECT ADDED ENTRY--TOPICAL TERM
Topical term or geographic name entry element SQL
654 ## - SUBJECT ADDED ENTRY--FACETED TOPICAL TERMS
Focus term SQL
942 ## - ADDED ENTRY ELEMENTS (KOHA)
Koha item type BOOK
Holdings
Withdrawn status Lost status Damaged status Not for loan Collection Home library Current library Date acquired Source of acquisition Cost, normal purchase price Inventory number Total Checkouts Full call number Barcode Date last seen Date last checked out Cost, replacement price Price effective from Koha item type
        CRC Fr. Agnel's C.Rodrigues College of Engineering AGNEL TECHNICAL COLLEGE LIBRARY 17/03/2023 Book Base 400.00 10810 dt 26/04/2011 1 5.133 MUR 21608 18/04/2024 05/04/2024 500.00   BOOK